The Empyrean Series - Dragons - Statistics

General Stats
  • This quiz has been taken 43 times
  • The average score is 10 of 34
Answer Stats
Hint Answer % Correct
Irid Andarna
100%
Black Tairn
100%
Blue Sgaeyl
71%
Red Cath
57%
Green Feirge
52%
Black Codagh
48%
Green Teine
48%
Green Cuir
43%
Red Deigh
43%
Orange Solas
43%
Brown Aimsir
38%
Brown Aotrom
38%
Orange Marbh
29%
Red Sliseag
29%
Orange Glane
24%
Irid Leothan
24%
Orange Baide
19%
Brown Chradh
19%
Blue Molvic
19%
Red Thoirt
19%
Orange Claidh
14%
Green Cruth
14%
Brown Fuil
14%
Unknown Gleann
14%
Orange Bruegan
10%
Unknown Gaothal
10%
Unknown Smachd
10%
Red Dagolh
5%
Green Fann
5%
Unknown Greim
5%
Red Malla
5%
Red Ghrian
0%
Unknown Maise
0%
Black Thareux
0%
No matching quizzes found
Score Distribution
Percent of People with Each Score
Percentile by Number Answered
Your Score History
You have not taken this quiz